000 00552nam a2200169 a 4500
008 120416s1973 ||||||||||||||||| || u
020 _a070640243X
050 _aNC 760 Bar
100 _aBarcsay, Jenèo
245 1 0 _aAnatomy for the artist
260 _aLondon:
_bOctopus Books Limited
_c1973
300 _a343p. : ill.
350 _a0.00
650 _aART
650 _aTEXTBOOKS
995 _D0.00
_FCBU-MAIN LIBRARY (Kitwe)
_H1
_I13.50
_M1
_ULOST
_VDec 11, 2013
_ZMain Library Open Access Collection
999 _c34389
_d34389